000 00956nam a2200301 4500
003 EG-GICUC
005 20260331121833.0
008 260331s1985 -ukad||fr|||| 000 0 eng d
020 _a9231021788
040 _aEG-GiCUC
_beng
_cEG-GiCUC
_dEG-GiCUC
_erda
041 0 _aeng
082 0 4 _221
_a341.48
_bGA . B
092 0 4 _221
099 _aLaw1 11 341.48 GA . B 1985
100 1 _aGallagher, Margaret
_eAuthor.
245 1 0 _aBecoming aware: human rights and the family :
_bA study based on four communication campaigns /
_cMargaret Gallagher.
264 1 _aOxford :
_bUnesco,
_c1969.
300 _a103 pages :
_billustrations,
_c24 cm.
336 _2rda content
_atext
337 _2rda media
_aComputer
338 _2rda carrier
_aOnline Resource
504 _a
546 _aText in English
650 1 4 _aPublic international law
856 4 0 _uhttps://fll.law.cu.edu.eg/fulltext/bks/B11-08893.pdf
905 _a48
942 _2ddc
_cBK
_e21
_n0
999 _c67787
_d67787